01011nam a2200277 a 4500001001300000003000900013005001700022008004100039020001000080082001600090100001600106245004000122260004200162300000900204500003500213505003900248650002200287700001600309902000800325942000700333952009500340952009500435952009400530952009400624999001500718nice12345678IN_TiNIC20260116011548.0050524s1926 oxfa grp 000 0 eng  ac10000a892.73bGIB aGibb, H A R aArabic Literatureb an Introduction aOxfordbOxford University Pressc1926 a128p aincludes index and biblioraphy2 aAcc. 509 and 510, Are Xerox Copies aArabic-Literature1 aGibb, H A R bSRS cBK 00104070aHMIbHMId0000-00-00g100.00l0o892.73 GIBp705r0000-00-00w2026-01-16yARB 00104070aHMIbHMId0000-00-00g100.00l0o892.73 GIBp645r0000-00-00w2026-01-16yARB 00104070aHMIbHMIcGENd2018-08-13l0o892.73 GIBp1100510r2018-08-13w2018-08-13yBK 00104070aHMIbHMIcGENd2018-08-13l0o892.73 GIBp1100509r2018-08-13w2018-08-13yBK c2621d2621